Informes rendidos por el C. Gral. Plutarco Elias Calles presidente constitucional de los Estados Unidos Mexicanos, ante el H. Congreso de la Unión los días 1° de septiembre de 1925 y 1° de septiembre de 1926 y contestación de los cc. presidentes del citado congreso

Detalles Bibliográficos
Autor principal: Calles, Plutarco Elías, 1877-1945
Formato: Libro
Lenguaje:Spanish
Publicado: México, D.F. : Talleres Gráficos de la Nación. "Diario Oficial", 1925.
Materias:
Colección:Banco de datos
Acervo:Universidad Autónoma Benito Juárez de Oaxaca. Biblioteca Francisco de Burgoa. Colección moderna
Descripción Física:130, 82 p. ; 21 cm.
Tema general:Política
Notas:Portada tipográfica con el escudo nacional mexicano. Texto a renglón seguido con paginación en números arábigos y cornisas. Encuadernación en papel. Daños en la encuadernación, tapa superior desprendida
LEADER 01076nam a22001690004500
035 |a 78 
041 0 |a spa 
100 1 |a Calles, Plutarco Elías, 1877-1945 
245 1 0 |a Informes rendidos por el C. Gral. Plutarco Elias Calles presidente constitucional de los Estados Unidos Mexicanos, ante el H. Congreso de la Unión los días 1° de septiembre de 1925 y 1° de septiembre de 1926 y contestación de los cc. presidentes del citado congreso 
260 |a México, D.F. : Talleres Gráficos de la Nación. "Diario Oficial", 1925. 
300 |a 130, 82 p. ; 21 cm. 
500 |a Portada tipográfica con el escudo nacional mexicano. Texto a renglón seguido con paginación en números arábigos y cornisas. Encuadernación en papel. Daños en la encuadernación, tapa superior desprendida 
650 1 0 |a Política 
852 |a Universidad Autónoma "Benito Juárez" de Oaxaca, Biblioteca Francisco de Burgoa, Colección moderna 11467 
942 |c BURMOD 
943 |g Universidad Autónoma Benito Juárez de Oaxaca. Biblioteca Francisco de Burgoa. Colección moderna 
999 |c 1124521  |d 1124521